| 000 | 00451nam a2200193Ia 4500 | ||
|---|---|---|---|
| 005 | 20250423095345.0 | ||
| 008 | 250422s9999 xx 000 0 und d | ||
| 020 | _a0-273-70253-X | ||
| 050 | _aHF 5635 .E428/ | ||
| 100 | _aBarry Elliott | ||
| 245 | 0 | _aFinancial Accounting Reporting and Analysis | |
| 250 | _a2nd | ||
| 260 | _aHarlow | ||
| 260 | _bPrentice Hall | ||
| 260 | _c2006 | ||
| 300 | _a695 p | ||
| 650 | _aAccounting | ||
| 942 | _cBK | ||
| 999 |
_c30032 _d30032 |
||